| 000 -LEADER |
| fixed length control field |
01796cam a2200433 i 4500 |
| 001 - CONTROL NUMBER |
| control field |
19046443 |
| 005 - DATE AND TIME OF LATEST TRANSACTION |
| control field |
20230714105247.0 |
| 008 - FIXED-LENGTH DATA ELEMENTS--GENERAL INFORMATION |
| fixed length control field |
160407s2017 dcu b 001 0 eng |
| 010 ## - LIBRARY OF CONGRESS CONTROL NUMBER |
| LC control number |
2016009029 |
| 020 ## - INTERNATIONAL STANDARD BOOK NUMBER |
| International Standard Book Number |
9781433823060 (hbk.) X |
| 020 ## - INTERNATIONAL STANDARD BOOK NUMBER |
| International Standard Book Number |
1433823063 |
| 040 ## - CATALOGING SOURCE |
| Original cataloging agency |
DLC |
| Language of cataloging |
eng |
| Transcribing agency |
DLC |
| Description conventions |
rda |
| Modifying agency |
DLC |
| 042 ## - AUTHENTICATION CODE |
| Authentication code |
pcc |
| 050 00 - LIBRARY OF CONGRESS CALL NUMBER |
| Classification number |
RC451.4.G39 |
| Item number |
H365 2017 |
| 080 ## - UNIVERSAL DECIMAL CLASSIFICATION NUMBER |
| Universal Decimal Classification number |
615.851(075.8) H-22 |
| 245 00 - TITLE STATEMENT |
| Title |
Handbook of sexual orientation and gender diversity in counseling and psychotherapy / |
| Statement of responsibility, etc. |
edited by Kurt A. DeBord, Ann R. Fischer, Kathleen J. Bieschke, Ruperto M. Perez. |
| 250 ## - EDITION STATEMENT |
| Edition statement |
First edition. |
| 264 #1 - PRODUCTION, PUBLICATION, DISTRIBUTION, MANUFACTURE, AND COPYRIGHT NOTICE |
| Place of production, publication, distribution, manufacture |
Washington, DC : |
| Name of producer, publisher, distributor, manufacturer |
American Psychological Association, |
| Date of production, publication, distribution, manufacture, or copyright notice |
[2017] |
| 300 ## - PHYSICAL DESCRIPTION |
| Extent |
xiv, 468 pages ; |
| Dimensions |
26 cm |
| 336 ## - CONTENT TYPE |
| Content type term |
text |
| Source |
rdacontent |
| 337 ## - MEDIA TYPE |
| Media type term |
unmediated |
| Source |
rdamedia |
| 338 ## - CARRIER TYPE |
| Carrier type term |
volume |
| Source |
rdacarrier |
| 504 ## - BIBLIOGRAPHY, ETC. NOTE |
| Bibliography, etc. note |
Includes bibliographical references and index. |
| 650 #0 - SUBJECT ADDED ENTRY--TOPICAL TERM |
| Topical term or geographic name entry element |
Transgender people |
| General subdivision |
Mental health. |
| 9 (RLIN) |
19318 |
| 650 #0 - SUBJECT ADDED ENTRY--TOPICAL TERM |
| Topical term or geographic name entry element |
Transgender people |
| General subdivision |
Counseling of. |
| 9 (RLIN) |
19319 |
| 650 #0 - SUBJECT ADDED ENTRY--TOPICAL TERM |
| Topical term or geographic name entry element |
Sexual minorities |
| General subdivision |
Mental health. |
| 9 (RLIN) |
19320 |
| 650 #0 - SUBJECT ADDED ENTRY--TOPICAL TERM |
| Topical term or geographic name entry element |
Sexual minorities |
| General subdivision |
Counseling of. |
| 9 (RLIN) |
19321 |
| 650 #0 - SUBJECT ADDED ENTRY--TOPICAL TERM |
| Topical term or geographic name entry element |
Sexual orientation |
| General subdivision |
Psychological aspects. |
| 9 (RLIN) |
19322 |
| 650 #0 - SUBJECT ADDED ENTRY--TOPICAL TERM |
| Topical term or geographic name entry element |
Sex role |
| General subdivision |
Psychological aspects. |
| 9 (RLIN) |
19323 |
| 650 #0 - SUBJECT ADDED ENTRY--TOPICAL TERM |
| Topical term or geographic name entry element |
Psychotherapy. |
| 9 (RLIN) |
9627 |
| 650 #0 - SUBJECT ADDED ENTRY--TOPICAL TERM |
| Topical term or geographic name entry element |
Cultural psychiatry. |
| 9 (RLIN) |
19324 |
| 700 1# - ADDED ENTRY--PERSONAL NAME |
| Personal name |
DeBord, Kurt A., |
| Relator term |
editor. |
| 9 (RLIN) |
19325 |
| 700 1# - ADDED ENTRY--PERSONAL NAME |
| Personal name |
Fischer, Ann R., |
| Relator term |
editor. |
| 9 (RLIN) |
19326 |
| 700 1# - ADDED ENTRY--PERSONAL NAME |
| Personal name |
Bieschke, Kathleen J., |
| Relator term |
editor. |
| 9 (RLIN) |
19327 |
| 700 1# - ADDED ENTRY--PERSONAL NAME |
| Personal name |
Perez, Ruperto M., |
| Relator term |
editor. |
| 9 (RLIN) |
19328 |
| 906 ## - LOCAL DATA ELEMENT F, LDF (RLIN) |
| a |
7 |
| b |
cbc |
| c |
orignew |
| d |
1 |
| e |
ecip |
| f |
20 |
| g |
y-gencatlg |
| 942 ## - ADDED ENTRY ELEMENTS (KOHA) |
| Source of classification or shelving scheme |
|
| Koha item type |
წიგნი |